| 000 | 00601nam a22002057i 4500 | ||
|---|---|---|---|
| 001 | 105714 | ||
| 003 | ES-MaACL | ||
| 007 | t| | ||
| 008 | 060810s1962 fr ||||0| fre d | ||
| 040 |
_aM-BN _bspa _cM-BN |
||
| 080 | _a330.85 | ||
| 100 | 1 |
_aMandel, Ernest. _975941 |
|
| 245 | 1 | 0 |
_aTraité d'économie marxiste / _cErnst Mandel. |
| 260 |
_aParis : _bRené Julliard, _c[1962] |
||
| 300 |
_a2 v. ; _c20 cm. |
||
| 500 | _aBiblioteca Juan Andrade. | ||
| 504 | _aIncluye referencias bibliográficas e índice. | ||
| 650 | 1 | 4 |
_aEconomía marxista. _912033 |
| 852 |
_aES-MaACL _jAND-530-1 _bR.109830 |
||
| 999 |
_c105714 _d105714 |
||